000 00272nam a2200109Ia 4500
008 190216s9999||||xx |||||||||||||| ||und||
100 _aTharakan K M
245 0 _aAdunika Niovel Darshanam
260 _bNbs Kottayam
650 _aMalayalam-Malayalam Criticism
942 _cBK
999 _c26034
_d26034